Meranie výkonnosti firiem vo vybraných odvetviach ekonomiky SR
Hodnotenie vybraných odvetví hospodárstva SR prostredníctvom viacerých metód multikriteriálneho vyhodnocovania variantov. Využitie metód sa javí ako jedna z možností sledovania vývoja výkonnosti vybraných odvetví v sledovaných obdobiach. Metóda váženého súčtu poradí. Bodovacia metóda.
Salvato in:
| Autore principale: | |
|---|---|
| Natura: | Capitolo di libro |
| Lingua: | slovacco |
| Soggetti: | |
| Tags: |
Nessun Tag, puoi essere il primo ad aggiungerne!!
|
MARC
| LEADER | 00000naa$a2200000$$$4500 | ||
|---|---|---|---|
| 001 | 0064260 | ||
| 005 | 20240502071743.0 | ||
| 041 | 0 | |a slo | |
| 044 | |a SK | ||
| 245 | 1 | 0 | |a Meranie výkonnosti firiem vo vybraných odvetviach ekonomiky SR |c Anna Neumannová |
| 520 | |a Hodnotenie vybraných odvetví hospodárstva SR prostredníctvom viacerých metód multikriteriálneho vyhodnocovania variantov. Využitie metód sa javí ako jedna z možností sledovania vývoja výkonnosti vybraných odvetví v sledovaných obdobiach. Metóda váženého súčtu poradí. Bodovacia metóda. | ||
| 610 | 2 | 0 | |a ukazovatele |
| 610 | 2 | 0 | |a metódy |
| 610 | 2 | 0 | |a firmy |
| 610 | 2 | 0 | |a výkonnosť |
| 610 | 2 | 0 | |a Slovensko |
| 100 | 1 | |a Neumannová, Anna | |